000 00714nam a2200217 a 4500
001 51046
003 BD-RjUL
005 20211209075613.0
008 160829r19631954enka 001 0 eng d
035 _a(BD-RjUL)51166
040 _aDLC
_cGAT/OCL/EUX
_beng
_dBD-RjUL
041 _aeng
082 _223
_a515
_bMAA 1963
100 1 _aMaxwell, E. A.
_q(Edwin Arthur)
_9151048
245 1 3 _aAn analytical calculus for school and university /
_cby E.A. Maxwell.
260 _aCambridge :
_bCambridge University Press,
_c1957 [ Reprinted 1962-1963 ]
300 _a v :
_bill. ;
_c21 cm.
505 0 _aVol. 1-- V. 2-- V. 3-- V. 4 (Differential equations and analysis)--
650 0 _aCalculus.
_9152721
942 _2ddc
_cBK
999 _c51046
_d51046